| 000 | 00571nam a2200205Ia 4500 | ||
|---|---|---|---|
| 008 | 240510s9999 xx 000 0 und d | ||
| 020 | _a0000131346776 | ||
| 041 | _aEng | ||
| 082 | _a004.62 | ||
| 082 | _bC55 | ||
| 100 | _aCOMER D.E. & STEVENS D.L. | ||
| 245 | 0 | _aINTERNETWORKING WITH TCP/IP VOLUME II : DESIGN, IMPLEMENTATION, AND INTERNALS | |
| 250 | _a2nd ed. | ||
| 260 | _bNEW JERSEY : PRINTICE HALL | ||
| 260 | _c1993 | ||
| 300 | _a612 p. | ||
| 650 | _aTCP/IP : NETWORK PROTOCOLS : NETWORK STANDARDS : COMPUTER NETWORKS | ||
| 942 | _2ddc | ||
| 942 | _cRBK | ||
| 999 |
_c24666 _d24666 |
||
| 945 |
_a1 _bMadushi Gamage _c1 _dMadushi Gamage |
||